000 00995nam0a22002771 4500
001 rc\4810529
005 20260407140708.0
021 _aRU
_b[66-17532]
035 _a(NLR Aleph) 008877786
090 _a8562483
_c8562483
100 _a20130426d1965 |||y0rusy50 ca
101 0 _arus
102 _aRU
105 _aa c |||||
200 1 _aУказания по профилактике светового голодания у людей
_e[Утв. 7/X 1965 г.]
_fМ-во здравоохранения СССР
210 _aМосква
_cБ. и.
_d[1965]
215 _a31 с.
_cил.
_d20
606 _aЛюминесцентные лампы
_2psbo
606 _aФотарии
_2psbo
606 _aУльтрафиолетовое облучение
_2psbo
712 0 1 _aСССР
_bМинистерство здравоохранения
_3RU\NLR\AUTH\8810007906
_9513517
801 0 _aRU
_bNLR
_gpsbo
801 1 _aRU
_bELAR
_2rusmarc
852 _aNLR
_j66-4/3419
942 _cBOOK
980 _aNB